Diseño de un sistema de desarrollo de proveedores en GEDI (RECOPE)
Guardado en:
| Hovedforfatter: | |
|---|---|
| Andre forfattere: | |
| Format: | Bog |
| Udgivet: |
San José, Costa Rica
1990
|
| Fag: | |
| Tags: |
Tilføj Tag
Ingen Tags, Vær først til at tagge denne postø!
|
MARC
| LEADER | 00000nam a2200000Ia 4500 | ||
|---|---|---|---|
| 003 | 007344 | ||
| 005 | 20221231144305.0 | ||
| 008 | 140114s1990 cr a m 000 ||s d | ||
| 040 | |c cru CEDI | ||
| 090 | |a TFG 3074 | ||
| 100 | |a Cano Ulate, Clark |9 11465 | ||
| 245 | |a Diseño de un sistema de desarrollo de proveedores en GEDI (RECOPE) | ||
| 260 | |c 1990 |a San José, Costa Rica | ||
| 300 | |a 3 volúmenes : ilustraciones ; 28 cm. | ||
| 500 | |a Proyecto de graduacion (licenciatura en ingenieria industrial)--Universidad de Costa Rica. Facultad de Ingeniería. Escuela de Ingenieria Industrial | ||
| 650 | |x REFINADORA COSTARRICENSE DE PETROLEO.. GERENCIA DE DESARROLLO INDUSTRIAL |x COMPRAS |9 11467 | ||
| 700 | |9 11466 |a Laurent Kauffmann, John | ||
| 942 | |c TFG | ||
| 999 | |c 19674 |d 19674 | ||
